[Event "EU-ch U12"]
[Site "Batumi"]
[Date "2010.09.22"]
[Round "3"]
[White "Msellek, Ilyass"]
[Black "Ozgur, Tibet Kagan"]
[Result "1-0"]
[WhiteElo "2066"]
[BlackElo "1590"]
[PlyCount "73"]
[EventDate "2010.09.20"]
[EventType "swiss"]
[EventRounds "9"]
[EventCountry "GEO"]
[SourceTitle "CBM 138 Extra"]
[Source "ChessBase"]
[SourceDate "2010.10.29"]
[SourceVersion "1"]
[SourceVersionDate "2010.10.29"]
[SourceQuality "1"]

1. e4 c5 2. Nf3 d6 3. Bb5+ Bd7 4. Bxd7+ Qxd7 5. 0-0 g6 6. c3 Nf6 7. Re1 Bg7 8. d4 0-0 9. Nbd2 Rd8 10. Qe2 Nc6 11. d5 Ne5 12. Nxe5 dxe5 13. Nc4 Ne8 14. Be3 Rac8 15. Rad1 Nd6 16. f3 Qb5 17. Na3 Qa5 18. Ra1 Rb8 19. Rec1 c4 20. Qf2 b6 21. Nc2 Qb5 22. Nb4 Rb7 23. a4 Qd7 24. a5 b5 25. Nc6 Ra8 26. a6 Rc7 27. Bc5 e6 28. Bb4 exd5 29. exd5 Nf5 30. Qc5 Bh6 31. Re1 Ne3 32. Rxe3 Bxe3+ 33. Qxe3 f6 34. Ne7+ Kf7 35. Qh6 f5 36. Qxh7+ Kf6 37. Qxg6# 1-0

[Event "World School-ch U11 6th"]
[Site "Kayseri"]
[Date "2010.07.24"]
[Round "4"]
[White "Ozgur, Tibet Kagan"]
[Black "Martinez Alcantara, Jose Eduardo"]
[Result "0-1"]
[WhiteElo "1565"]
[BlackElo "1917"]
[PlyCount "82"]
[EventDate "2010.07.21"]
[EventType "swiss"]
[EventRounds "9"]
[EventCountry "TUR"]
[SourceTitle "CBM 137 Extra"]
[Source "ChessBase"]
[SourceDate "2010.09.01"]
[SourceVersion "1"]
[SourceVersionDate "2010.09.01"]
[SourceQuality "1"]

1. d4 Nf6 2. Nf3 g6 3. c4 c5 4. b3 cxd4 5. Nxd4 Bg7 6. Bb2 d6 7. g3 0-0 8. Bg2 Nbd7 9. 0-0 Ne5 10. Nd2 a6 11. N2f3 Nxf3+ 12. Nxf3 Rb8 13. Rc1 Qa5 14. a3 Qh5 15. Re1 Bd7 16. e4 Bc6 17. Nd4 Qxd1 18. Rcxd1 Nd7 19. b4 Ne5 20. Nxc6 bxc6 21. Bxe5 Bxe5 22. f4 Bb2 23. Rd3 c5 24. Rb1 Bd4+ 25. Kf1 Rfc8 26. Bf3 e5 27. Rdb3 cxb4 28. Rxb4 Rxb4 29. Rxb4 a5 30. Rb5 Rxc4 31. Rxa5 Rc2 32. Be2 Rc1+ 33. Kg2 Rc2 34. Kf3 Rc3+ 35. Kg4 h5+ 36. Kg5 Kg7 37. fxe5 Be3+ 38. Kh4 Rc2 39. exd6 Rxe2 40. h3 Kh6 41. d7 g5+ 0-1